Paroles - Louise Attaque - Léa - Statistiques

Statistiques générales
  • Ce quiz a été pris 1 201 fois
  • Le résultat moyen est 277 sur 336
Statistiques - réponses
Paroles % Correct
elle
100%
Elle
100%
elle
100%
est
100%
est
100%
a
99%
à
99%
Léa,
99%
Léa
99%
pas
99%
pas
99%
ma
94%
non
92%
terroriste,
89%
terroriste
89%
droite
88%
gauche
87%
moche
87%
plus
87%
anti-terroriste
86%
maladroite
84%
jolie
83%
la
83%
l'a
83%
parisienne
72%
de
70%
qu'elle
69%
Qu'elle
69%
chiante
65%
mais
65%
comme
63%
mère
59%
sur
59%
putain
58%
présentable
57%
seule
57%
Terre
57%
commode,
56%
qu'est-ce
56%
intégriste,
51%
PACA
50%
région
50%
dit
49%
en
44%
ça
43%
et
43%
méchante
43%
réaliste
42%
déjà
41%
pour
41%
qu'a
41%
un
41%
aime
39%
je
39%
chaude
38%
cloque
38%
drôle
38%
froide
38%
stable
38%
mes
37%
s'envoler
37%
intérimaire,
36%
l'ai
36%
passionnée
36%
sortable
36%
tous
36%
Aude
35%
nu
35%
35%
volé
35%
politique
34%
partira
33%
pathétique
33%
vous
33%
tics
31%
fait
30%
même
30%
oh
30%
Oh
30%
toujours
30%
patiente
28%
réciproque
28%
d'accord
27%
pacifiste
27%
paresseuse
27%
paternaliste
27%
fut-fut
26%
solidaire
26%
solitaire
26%
venue
26%
passable
24%
inspirée
22%
pas-pas
22%
partout
21%
passagère
21%
créditeur
20%
libre
20%
partisane
19%
tentée
18%
pasticheuse
15%
cible
11%
passing-shot
10%
passe-temps
8%
Aucun quiz correspondant
Distribution des résultats
% des personnes avec chaque résultat
Percentile par nombre de réponses
Votre historique - résultats
Vous n’avez pas pris ce quiz